00183 a2200085 4500020001800000100001700018245004400035250000800079260001000087 a9788131723586 aJohn C. Hull aOptions, futures, and other Derivatives a7th aDelhi